000 01157cam a22002891 4500
999 _c127458
_d127458
001 8497478
003 ARRUPE
005 20180119110948.0
008 750721s1968 fr 000 0 fre
010 _a 68119117
035 _a(OCoLC)1461798
040 _aDLC
_cMCW
_dDLC
042 _apremarc
050 0 0 _aBX830 1962.A7
_bU70
082 _a231/.74
100 1 _aDupuy, Bernard Dominique.
_938768
245 1 3 _aLa Révélation divine.
_bConstitution dogmatique Dei verbum.
_cB.D. Dupuy.
260 _aParis,
_bÉditions du Cerf,
_c1968.
300 _a2v.
_c23cm.
440 0 _aUnam sanctam,
_v70a-b
_938769
490 1 _aVatican II; textes et commentaires des décrets conciliaires
504 _aBibliographical footnotes.
611 2 0 _aVatican Council
_n(2nd :
_d1962-1965 :
_cBasilica di San Pietro in Vaticano).
_tConstitutio dogmatica de divina revelatione.
_938770
650 _aRevelation
_99159
830 0 _aVatican II; textes et commentaires des décrets conciliaires
_938771
906 _a7
_bcbc
_coclcrpl
_du
_encip
_f19
_gy-gencatlg
942 _2lcc
_cMONOGRAPH